Children of British Monarchs #3 - Plantagenet & Anjou - Statistics

General Stats
  • This quiz has been taken 723 times
  • The average score is 38 of 51
Answer Stats
Hint Answer % Correct
Henry II 4 4 Richard I
98%
John 2 2 Richard of Cornwall
98%
John 1 1 Henry III
97%
Edward I By Eleanor of Castile 4 Henry of England
97%
Henry II 2 2 Henry the Young King
97%
Henry II 8 8 John
95%
Edward I By Eleanor of Castile 3 John
95%
Edward II 2 2 John of Eltham, Earl of Cornwall
95%
Edward III 6 6 John of Gaunt, 1st Duke of Lancaster
95%
Henry III 1 1 Edward I
93%
Edward I By Eleanor of Castile 12 Edward II
93%
Edward II 1 1 Edward III
93%
Edward III 1 1 Edward the Black Prince
93%
Edward III 9 9 Mary of Waltham
88%
Edward I By Eleanor of Castile 10 Mary of Woodstock
88%
Henry II 1 1 William IX, Count of Poitiers
88%
Edward III 4 4 William of Hatfield
88%
Edward III 12 12 William of Windsor
88%
Edward III 10 10 Margaret, Countess of Pembroke
84%
Henry III 2 2 Margaret of England
84%
Edward I By Eleanor of Castile 8 Margaret of England, Duchess of Brabant
84%
Edward I By Margaret of France 15 Eleanor
81%
Edward I By Eleanor of Castile 5 Eleanor of England, Countess of Bar
81%
John 5 5 Eleanor of England, Countess of Leicester
81%
Edward II 3 3 Eleanor of Woodstock
81%
Henry II 6 6 Eleanor, Queen of Castile
81%
Edward I By Eleanor of Castile 11 Elizabeth of Rhuddlan
79%
Edward I By Eleanor of Castil 7 Joan of Acre
73%
Edward III 3 3 Joan of England
73%
John 3 3 Joan of England, Queen of Scotland
73%
Henry II 7 7 Joan of England, Queen of Sicily
73%
Edward II 4 4 Joan of the Tower
73%
Henry II 5 5 Geoffrey II, Duke of Brittany
72%
Henry II 3 3 Matilda of England, Duchess of Saxony
69%
Edward I By Eleanor of Castile 1 Katherine
66%
Henry III 5 5 Katherine of England
66%
Edward III 2 2 Isabella, Countess of Bedford
63%
Henry III 4 4 Edmund Crouchback, Earl of Lancaster, Leicester & Derby.
62%
Edward III 7 7 Edmund of Langley, 1st Duke of York
62%
Edward I By Margaret of France 14 Edmund of Woodstock, 1st Earl of Kent
61%
John 4 4 Isabella of England
61%
Edward I By Margaret of France 13 Thomas of Brotherton, 1st Earl of Norfolk
61%
Edward III 13 13 Thomas of Woodstock, 1st Duke of Gloucester
61%
Edward III 11 11 Thomas of Windsor
60%
Edward III 5 5 Lionel of Antwerp, Duke of Clarence
39%
Edward I By Eleanor of Castile 8 Alphonso, Earl of Chester
37%
Henry III 3 3 Beatrice of England
37%
Edward III 8 8 Blanche
37%
Edward I By Eleanor of Castile 9 Berengaria
34%
Edward I By Eleanor of Castile 2 Joanna
30%
Edward I By Eleanor of Castile 6 Juliana
24%
No matching quizzes found
Score Distribution
Percent of People with Each Score
Percentile by Number Answered
Your Score History
You have not taken this quiz